000 00740nam a2200253 a 4500
001 66382
003 BD-RjUL
005 20211209081533.0
008 170315s1968 nyua b 001 0 eng d
020 _a0023077611
035 _a(BD-RjUL)66512
040 _aBD-RjUL
_cBD-RjUL
_dBD-RjUL
_beng
041 _aeng
082 0 0 _a592
_223
_bBEI 1968
100 1 _aBeck, D Elden
_9196443
245 1 0 _aInvertebrate zoology :
_b laboratory workbook /
_cD Elden Beck; Lee F Braithwaite
250 _a3d ed.
260 _aNew York :
_bMacmillan Pub. Co,
_c1968.
300 _axi, 263 p. :
_bill. ;
_c27 cm.
504 _aIncludes bibliographies.
650 0 _aInvertebrates.
_9195438
700 _aBraithwaite, Lee F.
_9196444
942 _2ddc
_cBK
999 _c66382
_d66382